Garcian meditations : the dialectics of persistence in Form and Object /

Bibliographic Details
Main Author: Cogburn, Jon (Author)
Format: Book
Language:English
Published: Edinburgh : Edinburgh University Press Ltd, [2017]
Series:Speculative realism.
Subjects:

MARC

Tag First Indicator Second Indicator Subfields
LEADER 00000cam a2200000Ii 4500
001 in00003850421
005 20170519161647.0
008 160905t20172017stk b 001 0 eng d
035 |a (OCoLC)ocn957680691 
040 |a YDX  |b eng  |e rda  |c YDX  |d OCLCQ  |d NLE  |d OCLCO  |d YDX  |d CDX  |d OCLCO  |d BTCTA  |d BDX 
019 |a 957139688 
020 |a 9781474415910  |q (hbk.) 
020 |a 1474415911  |q (hbk.) 
020 |a 9781474415941  |q (pbk.) 
020 |a 1474415946  |q (pbk.) 
020 |z 9781474415927  |q (webready PDF) 
020 |z 9781474415934  |q (epub) 
024 8 |a 40027118529 
035 |a (OCoLC)957680691 
050 4 |a BD336  |b .C64 2017 
082 0 4 |a 111  |2 23 
049 |a TXAM 
100 1 |a Cogburn, Jon,  |e author. 
245 1 0 |a Garcian meditations :  |b the dialectics of persistence in Form and Object /  |c Jon Cogburn. 
264 1 |a Edinburgh :  |b Edinburgh University Press Ltd,  |c [2017] 
264 4 |c ©2017 
300 |a xviii, 238 pages ;  |c 25 cm. 
336 |a text  |b txt  |2 rdacontent 
337 |a unmediated  |b n  |2 rdamedia 
338 |a volume  |b nc  |2 rdacarrier 
490 1 |a Speculative realism 
504 |a Includes bibliographical references (pages 223-231) and index. 
600 1 0 |a Garcia, Tristan,  |d 1981-  |t Form and object; a treatise on things. 
650 0 |a Object (Philosophy) 
650 0 |a Form (Philosophy) 
830 0 |a Speculative realism. 
945 |b 105009 
947 |a A14850176984 
994 |a 92  |b TXA 
948 |a Cataloged  |b h  |c 2017/5/19  |d c  |e LBoyles 
999 f f |s f9e56e4c-e100-3050-859e-f67901376dab  |i 18092e53-39bf-3c32-8f3a-a2522ba708ce  |t 0 
952 f f |p normal  |a Texas A&M University  |b College Station  |c Sterling C. Evans Library  |d Evans: Library Stacks  |t 0  |e BD336 .C64 2017  |h Library of Congress classification  |i unmediated -- volume  |m A14850176984 
998 f f |a BD336 .C64 2017  |t 0  |l Evans: Library Stacks